The forest within : (Registro nro. 2278)

Detalles MARC
000 -CABECERA
Campo de control 00837cam a2200241 i 4500
005 - FECHA Y HORA DE LA ULTIMA TRANSACCION
Campo de control 20160206161938.0
008 - ELEMENTOS DE LONGITUD FIJA—INFORMACION GENERAL
Campo de control 031210s1996 -ukabo r 001 0 eng d
015 ## - NATIONAL BIBLIOGRAPHY NUMBER
National bibliography number NNN
020 ## - ISBN
ISBN 0952730200
040 ## - FUENTE DE CATALOGACIÓN
Agencia catalogadora original CO-BoPUJ
Agencia transcriptora CO-BoIAVH
041 0# - IDIOMA
Código de idioma para texto/pista de sonido o título separado Inglés
043 ## - GEOGRAPHIC AREA CODE
Geographic area code s-ck---
082 04 - NUMERO DE CLASIFICACION DECIMAL DEWEY
Número de clasificación 570.152
Número del ítem R34f
100 1# - ASIENTO PRINCIPAL--NOMBRE PERSONAL
Nombre personal Reichel-Dolmatoff, Gerardo
Fechas asociadas con el nombre 1912-1994
9 (RLIN) 57753
245 14 - MENCION DE TITULO
Título The forest within :
Parte restante del título the world-view of the tukano amazonian indians /
Mención de responsabilidad Gerardo Reichel-Dolmatoff.
260 ## - PUBLICACION, DISTRIBUCION, ETC. (PIE DE IMPRENTA)
Lugar de publicación, distribución, etc. London :
Nombre del editor, distribuidor, etc. Themis,
Fecha de publicación, distribución, etc. 1996.
300 ## - DESCRIPCION FISICA
Extensión 229 páginas :
Otros detalles físicos ilustraciones, fotos y mapas ;
Dimensiones 23 cm.
504 ## - NOTA DE BIBLIOGRAFIA, ETC.
Nota de bibliografía Incluye referencias bibliográficas (211-221) e índice.
650 14 - ASIENTO SECUNDARIO DE MATERIA - TERMINO TEMATICO
Término temático o nombre geográfico como elemento de entrada Ecología
Subdivisión geográfica Amazonas (colombia)
9 (RLIN) 57754
650 24 - ASIENTO SECUNDARIO DE MATERIA - TERMINO TEMATICO
Término temático o nombre geográfico como elemento de entrada Tukanos
Subdivisión general Vida social y costumbres
9 (RLIN) 57755
650 24 - ASIENTO SECUNDARIO DE MATERIA - TERMINO TEMATICO
Término temático o nombre geográfico como elemento de entrada Indígenas de colombia
9 (RLIN) 57756
942 ## - ELEMENTOS ADICIONALES (KOHA)
Sistema de clasificación Dewey Decimal Classification
Tipo de ítem Libro
Existencias
Withdrawn status Lost status Sistema de Clasificación Damaged status No para préstamo Colección Inventariado Ubicación Permanente Ubicación actual Fecha de adquisición Fuente de Valor Valor Total Checkouts Número topográfico Inventario / Código de Barras Date last seen Ejemplar Price effective from Tipo de material
    Dewey Decimal Classification     General Inventariado 2017 Bogotá Bogotá 11/05/2001 Instituto 39000.00   LB-570.152 R34f 002844 04/12/2012 Ej. 1 04/12/2012 Libro